000 01446nam a22002897a 4500
999 _c17650
_d17650
005 20251125232859.0
008 s2530 th tha d
040 _aNALT
041 _atha
245 1 0 _aรวมกฎหมายว่าด้วยการประมง
260 3 _aกรุงเทพฯ :
_bกรมประมง,
_c2530
300 _a222 หน้า :
_b ตาราง ;
_c 26 ซม.
650 0 4 _aการประมง (พ.ร.บ.) -- 2490
650 0 4 _aการประมง (พ.ร.บ.) -- ฉบับที่ 2 -- 2496
650 0 4 _aการประมง (พ.ร.บ.) -- ฉบับที่ 3 -- 2528
650 0 4 _aประมง -- กฎหมายและระเบียบข้อบังคับ
650 0 4 _aสะพานปลา -- กฎหมายและระเบียบข้อบังคับ
650 0 4 _aสิทธิการประมงในเขตการประมงไทย (พ.ร.บ.) -- 2482
650 0 4 _aเรือไทย (พ.ร.บ.) -- 2481
650 0 4 _aเรือไทย (พ.ร.บ.) -- ฉบับที่ 2 -- 2517
650 0 4 _aแพปลา (พ.ร.บ.) -- 2496
850 _aNALT
856 4 0 _uhttps://hdl.handle.net/20.500.14156/460625
942 _cLB
_2lcc
998 _j25
_k นีลวัสน์ อินทรักษา
090 _aKO62 ป348ร 2530